000 01082nam a22002897a 4500
005 20170504164452.0
010 _aENG-108806
020 _a9781259098505
_c420.00
020 _a1259098508
_c420.00
035 _aEN-92339
035 _aB-534912-919
035 _aB-667482
037 _bDBAD/PUB
037 _bBSB/Ven
_adpl
082 _a650.11
100 _aSaunders, Elizabeth Grace
245 _aThe 3 secrets to effective time investment :
_cby Elizabeth Grace Saunders
_bachieve more success with less stress /
246 _aThree secrets to effective time investment
260 _aNew Delhi
_bMcGraw Hill Education
_c2013
270 _aP-24 Green Park Extension
_bNew Delhi
_e110016
300 _axvi,255p.
_c23cm(pbk)
500 _aIncludes index
650 _a Time management.
942 _2ddc
_cEN
_mSAU
_h650.11
999 _c81174
_d81174